000 00395nam a22001577a 4500
999 _c10545
_d10545
003 OSt
008 210303b ||||| |||| 00| 0 eng d
020 _a9789389991598
100 _aBASU, Durga Das
245 _aIntroducation to the Constitution of India
250 _a25th ed
260 _aNew Delhi
_bLexis Nexis
_c2021
300 _a507
650 _aPolitical Science
942 _2ddc
_cBK
_01